书目信息 |
| 题名: |
刑法学概论
|
|
| 作者: | 刘守芬 主编 | |
| 分册: | ||
| 出版信息: | 北京 北京大学出版社 2000.3 |
|
| 页数: | 628页 | |
| 开本: | 20cm | |
| 丛书名: | 21世纪法学丛书 | |
| 单 册: | ||
| 中图分类: | D924.01 | |
| 科图分类: | ||
| 主题词: | 刑法--中国 | |
| 电子资源: | ||
| ISBN: | 7-301-04443-7 | |
| 000 | 00593nam2 2200217 45 | |
| 001 | 0211181408 | |
| 005 | 20041203095527.9 | |
| 010 | @a7-301-04443-7@dCNY29.00 | |
| 100 | @a20021118d2000 km y0chiy0120 ea | |
| 101 | 0 | @achi |
| 105 | @a z 000yy | |
| 200 | 1 | @a刑法学概论@AXing Fa Xue Gai Lun@f刘守芬主编@FLiu Shou Fen Zhu Bian |
| 210 | @a北京@c北京大学出版社@d2000.3 | |
| 215 | @a628页@d20cm | |
| 225 | @a21世纪法学丛书 | |
| 410 | @12001 @a21世纪法学丛书 | |
| 606 | 0 | @a刑法@y中国 |
| 690 | @aD924.01@v4 | |
| 701 | 0 | @a刘守芬@4主编 |
| 801 | @aCN@bTSTC@c20021118 | |
| 905 | @dD924.01@e171 | |
| 刑法学概论/刘守芬主编.-北京:北京大学出版社,2000.3 |
| 628页;20cm.-(21世纪法学丛书) |
| ISBN 7-301-04443-7:CNY29.00 |
| ● |
| 相关链接 |
|
|
|
|
正题名:刑法学概论
索取号:D924.01/171
 
预约/预借
| 序号 | 登录号 | 条形码 | 馆藏地/架位号 | 状态 | 备注 |
| 1 | 0317602 | 203176026 | 第一借阅区/ [索取号:D924.01/171] | 在馆 | |
| 2 | 0317603 | 203176035 | 第一借阅区/ [索取号:D924.01/171] | 在馆 | |
| 3 | 0317604 | 203176044 | 第一借阅区/ [索取号:D924.01/171] | 在馆 | |
| 4 | 0317606 | 203176062 | 第一样本阅览室/ [索取号:D924.01/171] | 在馆 |